Informatics technical Reports / (Record no. 179536)
[ view plain ]
| 000 -LEADER | |
|---|---|
| fixed length control field | 00742 a2200157 4500 |
| 003 - CONTROL NUMBER IDENTIFIER | |
| control field | Nust |
| 005 - DATE AND TIME OF LATEST TRANSACTION | |
| control field | 20230522092115.0 |
| 040 ## - CATALOGING SOURCE | |
| Transcribing agency | Nust |
| 082 ## - DEWEY DECIMAL CLASSIFICATION NUMBER | |
| Classification number | 004,INF |
| 245 ## - TITLE STATEMENT | |
| Title | Informatics technical Reports / |
| 260 ## - PUBLICATION, DISTRIBUTION, ETC. | |
| Name of publisher, distributor, etc. | University of Ulster |
| Date of publication, distribution, etc. | 1993 |
| 300 ## - PHYSICAL DESCRIPTION | |
| Extent | 40:p |
| 505 ## - FORMATTED CONTENTS NOTE | |
| Formatted contents note | An Extended Framework for Evidential Reasoning System (Page-1), An Object Oriented Design Methodology Based on The Extended Entity Relationship Model (Page-9), The MIMAD Model (Page-19), A Case Study for Placement Algorithms in Physical Database Design (Page-30), The Application of Multivariate Outlier Detection in Assessing Family Characteristics for Bank Advertisements (Page-37). |
| 650 ## - SUBJECT ADDED ENTRY--TOPICAL TERM | |
| Topical term or geographic name entry element | Informatics technical Reports |
| 9 (RLIN) | 112473 |
| 942 ## - ADDED ENTRY ELEMENTS (KOHA) | |
| Source of classification or shelving scheme | |
| Koha item type | Book Bank |
| Withdrawn status | Lost status | Source of classification or shelving scheme | Damaged status | Not for loan | Permanent Location | Current Location | Shelving location | Date acquired | Full call number | Barcode | Date last seen | Price effective from | Koha item type | Public note |
|---|---|---|---|---|---|---|---|---|---|---|---|---|---|---|
| Military College of Signals (MCS) | Military College of Signals (MCS) | General Stacks | 12/12/2016 | 004,INF | MCS3417 | 12/08/2016 | 12/12/2016 | Book Bank | Almirah No.107, Shelf No.2 |
